00350nam a2200097Ia 4500008004100000041000800041100002800049245010500077260005100182999001900233241105s9999 xx 000 0 und d aeng aGhante Samprita9184198 aLandscape Planning Proposal For Solapur Bhuikot (Solapur Fort) And Policies Its Surrounds At Solapur bBNCA M Arch Landscape Architecture, Punec2022 c362040d362040